Dragon Ball Z Quotes (Difficult) - Statistics

General Stats
  • This quiz has been taken 149 times
    113 since last reset
  • The average score is 3 of 5
Answer Stats
Hint Answer % Correct
"It's the only way, Tien. Don't worry. I'm not afraid. And if I can save you, then it's worth dying for." Chiaotzu
83%
"I'm gonna train too, Grandpa. I want to be big and strong like you, and save the world too!" Pan
79%
"You two made too much noise. You scared the birds away." Android 16
68%
"I hope I'm not being rude, but I'm going to take a little nap." Krillin
40%
"Oh, this is just great! You know how long it's gonna take ta wash all this dust outta my hair?" Jeice
17%
No matching quizzes found
Score Distribution
Percent of People with Each Score
Percentile by Number Answered
Your Score History
You have not taken this quiz since the last reset